| 000 | 00477nam a22001817a 4500 | ||
|---|---|---|---|
| 003 | CEME | ||
| 005 | 20210628202225.0 | ||
| 008 | 210226b xxu||||| |||| 00| 0 eng d | ||
| 020 | _a2-88145-008-3 | ||
| 040 | _c. | ||
| 082 | _a327.1 IND | ||
| 100 |
_aIcrc _958838 |
||
| 245 | _aIndex of international humanitarian law | ||
| 260 |
_aGENEVA _bICRC _c1996 |
||
| 300 | _a276P | ||
| 650 |
_aINTERNATIONAL COMMITTEE OF THE RED CROSS GENEVA CONVENTIONS _958839 |
||
| 942 |
_cBK _2ddc |
||
| 999 |
_c568942 _d568942 |
||